| 000 | 00686nam a2200205 a 4500 | ||
|---|---|---|---|
| 001 | 0058 | ||
| 005 | 20140414132015.0 | ||
| 008 | 040201s19uu xx 00 eng d | ||
| 020 | _a0-8037-1040-2 | ||
| 050 |
_aTR _bAM1 1991 |
||
| 100 | _aHoffman, Mary | ||
| 245 |
_aAmazing Grace / _cMary Hoffman. |
||
| 260 |
_aNew York : _bDial Books, _c1991. |
||
| 300 | _ap. ; cm. | ||
| 520 | _aAlthough classmates say that they cannot play peter pan in the school play because she is black and a girl, grace discovers that she can do anything she sets her mind to do. | ||
| 650 |
_aAfro-Americans _xFiction. |
||
| 650 |
_aIdentity _xFiction. |
||
| 650 |
_aTheater _xFiction. |
||
| 999 |
_c113355 _d113355 |
||